000 00887cam a2200229 a 4500
001 000006939
005 20200929154028.0
008 900921s1989 cu b 000 0dspa
040 _aDO-SdBNP
_bspa
_cBNPHU
082 _a335.098
_bM385ch
100 1 _aMartínez Heredia, Fernando,
_d1939-
_919252
245 1 0 _aChe, el socialismo y el comunismo /
_cFernando Martínez Heredia ; edición, Magdalena Quijano.
260 _aLa Habana :
_bCasa de las Américas,
_c1989.
300 _a185 p. ;
_c20 cm.
504 _aBibliografía: (p. [181]-185).
586 _aPremio extraordinario xxx aniversario de la revolución.
586 _aPremio casa de las américas, 1989.
600 1 0 _aGUEVARA, ERNESTO,
_d1928-1967.
_919253
650 4 _aSocialismo
_zAmérica Latina
_xHistoria
_ySIGLO XX.
_919254
650 4 _aComunismo.
_xAmérica latina
_919255
700 1 _aQuijano, Magdalena,
_eeditor
_919256
999 _c6723
_d6723